| 000 | 00543nam a2200181Ia 4500 | ||
|---|---|---|---|
| 005 | 20250508153313.0 | ||
| 008 | 008 250505s9999 xx 000 0 fre d | ||
| 037 | _aBooks to be hide in OPAC | ||
| 040 |
_aFEDL _beng _cFEDL |
||
| 041 |
_afre _2eng |
||
| 084 |
_a373.44, RIB/O _qFEDL |
||
| 100 |
_aRibot Alexandre _9763652 |
||
| 245 | 0 | _aLa reforme de l'enseignement secondaire | |
| 260 |
_aParis, France _bArmand Colin Et C Editeurs _c1900 |
||
| 300 | _axii,508p. | ||
| 942 |
_cHB _h373.44, RIB/O |
||
| 999 |
_c1341869 _d1341869 |
||